Statistics for Russia's Triple Borders

Click here to take the quiz!

General Stats

  • This quiz has been taken 53 times
  • The average score is 50 of 54

Answer Stats

Answer% Correct
China
100%
Sweden
100%
Azerbaijan
98%
Belarus
98%
Czech Republic
98%
Estonia
98%
Finland
98%
Laos
98%
Latvia
98%
Norway
98%
Poland
98%
Vietnam
98%
Georgia
96%
Germany
96%
India
96%
Iran
96%
Kazakhstan
96%
Kyrgyzstan
96%
Lithuania
96%
Mongolia
96%
Nepal
96%
North Korea
96%
Pakistan
96%
South Korea
96%
Ukraine
96%
Armenia
94%
Moldova
94%
Romania
94%
Slovakia
94%
Tajikistan
94%
Thailand
94%
Turkmenistan
94%
Austria
92%
Denmark
92%
France
92%
Hungary
92%
Iraq
92%
Myanmar
92%
Turkey
92%
Belgium
90%
Bulgaria
90%
Netherlands
90%
Serbia
90%
Uzbekistan
90%
Afghanistan
88%
Bhutan
88%
Cambodia
88%
Greece
88%
Luxembourg
88%
Syria
88%
Slovenia
85%
Switzerland
85%
Bangladesh
83%
Croatia
77%

Score Distribution

Percentile by Number Answered

Percent of People with Each Score

Your Score History

You have not taken this quiz